<?xml version="1.0" encoding="UTF-8"?><?xml-stylesheet type="text/xsl" href="static/style.xsl"?><OAI-PMH xmlns="http://www.openarchives.org/OAI/2.0/" xmlns:xsi="http://www.w3.org/2001/XMLSchema-instance" xsi:schemaLocation="http://www.openarchives.org/OAI/2.0/ http://www.openarchives.org/OAI/2.0/OAI-PMH.xsd"><responseDate>2026-06-07T13:54:18Z</responseDate><request verb="GetRecord" identifier="oai:docta.ucm.es:20.500.14352/41802" metadataPrefix="marc">https://docta.ucm.es/rest/oai/request</request><GetRecord><record><header><identifier>oai:docta.ucm.es:20.500.14352/41802</identifier><datestamp>2023-08-04T02:16:46Z</datestamp><setSpec>com_20.500.14352_14</setSpec><setSpec>col_20.500.14352_15</setSpec></header><metadata><record xmlns="http://www.loc.gov/MARC21/slim" xmlns:dcterms="http://purl.org/dc/terms/" xmlns:xsi="http://www.w3.org/2001/XMLSchema-instance" xmlns:doc="http://www.lyncode.com/xoai" xsi:schemaLocation="http://www.loc.gov/MARC21/slim http://www.loc.gov/standards/marcxml/schema/MARC21slim.xsd">
   <leader>00925njm 22002777a 4500</leader>
   <datafield ind2=" " ind1=" " tag="042">
      <subfield code="a">dc</subfield>
   </datafield>
   <datafield ind2=" " ind1=" " tag="720">
      <subfield code="a">Diego Bautista, Oscar</subfield>
      <subfield code="e">author</subfield>
   </datafield>
   <datafield ind2=" " ind1=" " tag="260">
      <subfield code="c">2010-08</subfield>
   </datafield>
   <datafield ind2=" " ind1=" " tag="520">
      <subfield code="a">La ética aplicada a la función pública es de vital importancia porque tiene como eje central la idea de servicio, es decir, las tareas y actividades que realizan los servidores públicos están orientadas a la satisfacción de la pluralidad de intereses de los miembros de la comunidad política. Es además un poderoso mecanismo de control de las arbitrariedades y antivalores practicados en el uso del poder público. Es un factor esencial para la creación y el mantenimiento de la confianza en la administración y sus instituciones. También es un instrumento clave para elevar la calidad de la política y la gestión pública gracias a la conducta honesta, eficiente e integra de los servidores públicos. La excelencia de los asuntos de la gestión pública se podrá alcanzar si se cuenta con servidores públicos con sólidos criterios de conducta ética.</subfield>
   </datafield>
   <datafield ind1="8" ind2=" " tag="024">
      <subfield code="a">https://hdl.handle.net/20.500.14352/41802</subfield>
   </datafield>
   <datafield ind2="0" ind1="0" tag="245">
      <subfield code="a">Viabilidad de la ética en la política y la gestión pública</subfield>
   </datafield>
</record></metadata></record></GetRecord></OAI-PMH>